Polscy skoczkowie narciarscy według zdjęcia - krzyżówka - Statystyki

Ogólne statystyki
  • Ten quiz został rozwiązany 300 razy
  • Średni wynik to 6 z 9
Odpowiedzi na mapie
Odpowiedzi zakodowano w zielono-czerwonej skali na mapie do tego quizu, zgodnie z poniższymi procentami.
 
Statystyki odpowiedzi
Zdjęcie Skoczek narciarski % Poprawnych
Ilustracja Adam Małysz
100%
Ilustracja Kamil Stoch
98%
Ilustracja Piotr Żyła
97%
Dawid Kubacki
95%
Ilustracja Wojciech Fortuna
56%
Jan Ziobro
53%
Zakopane
50%
Skoki narciarskie. Krzysztof BIEGUN Krzysztof Biegun
44%
Ilustracja Tomasz Pochwała
17%
Nie znaleziono quizów pasujących do podanych kryteriów
Rozkład punktacji
Procent ludzi z każdym wynikiem
Percentyl według liczby udzielonych odpowiedzi
Twoja historia wyników
Nie rozwiązałeś tego quizu